Flags of Former Soviet Republics - Sudden Death - Statistics

General Stats
  • This quiz has been taken 1,538 times
    177 since last reset
  • The average score is 9 of 15
Answers on the Grid
Answers color-coded by a green-red scale on the quiz's grid according to % correct below.
 
Answer Stats
Answer % Correct
Belarus
80%
Azerbaijan
77%
Armenia
72%
Kazakhstan
67%
Georgia
66%
Estonia
65%
Ukraine
60%
Lithuania
59%
Latvia
59%
Uzbekistan
58%
Russia
57%
Turkmenistan
56%
Kyrgyzstan
55%
Moldova
51%
Tajikistan
51%
No matching quizzes found
Score Distribution
Percent of People with Each Score
Percentile by Number Answered
Your Score History
You have not taken this quiz since the last reset